000 00837cab a2200253 4500
001 ABS54503
008 090401t1996 xxu||||| |||| 00| 0 eng d
035 _a(Sirsi) u10855
041 _aeng
100 _aCarpenter, A.
245 _aLame ducts
260 _c1996
350 _a0
490 _aProperty Week
_v(5416) 8 February 1996, 40-41(2)
520 _aReports on difficulties being faced by the facilities management team of the Lloyd`s Buildings after problems arose with the water and air conditioning systems. Considers their role in any possible legal action for compensation.
650 _aBlock management
_96220
650 _aCLAIMS
650 _aFACILITIES MANAGEMENT
_96240
650 _aLLOYDS BUILDING
650 _aREPAIRS
690 _aCOMMERCIAL PROPERTY-MANAGEMENT
942 _n0
948 _c04/03/1997
999 _c6909
_d6909